MDQL
is popping MORE tags! Check the
thread
!
Quizzes
Events
Quiz Creation
Community
Videos
Private Events
Remove Ads
Sign In
Join for FREE
Feedback
Dark Mode
Quiz Categories
Sports
Geography
Music
Movies
Television
Just For Fun
Miscellaneous
History
Literature
Language
Science
Gaming
Entertainment
Religion
Holiday
For Kids
Quiz Lab
Recent
Popular Today
Quiz Kudos Today
Editor Picks
Curator Picks
Quizzes by...
Day
Popularity
Type
Ratings
Length
Year
Community
Subscriptions
Recent Discussions
Orange Saloon
Badges
Playlists
Quests
Create
Leaderboards
Showdown
Live 5
Trivia Bingo
Activity
Puzzle Library
Sporcle Events
Private Events
Virtual Trivia
Globe League
Become a Host
Pub Owners
SporcleCon
Opinionation
Our Games
Videos
Blog
Mobile Apps
Partnerships
Remove Ads and Go Orange
Feedback
Miscellaneous
Crossword
General Knowledge
Baby Names
Logo
Food
Cars
Numbers
Grab Bag
University
College
Popular
Company
Slogans
Restaurants
Justice
Letter
Miscellaneous
Crossword
General Knowledge
Baby Names
Logo
Food
Cars
Numbers
Grab Bag
University
College
Popular
Company
Slogans
Restaurants
Justice
Letter
Random Quiz
Search Sporcle
×
Quiz Lab
Quiz Lab
Miscellaneous
bag
Type in answers that appear in a list
Type in answers that appear in a list
Classic
Best Score? Go Orange.
Grab Bag Countdown Stats
Can you name the Grab Bag?
By
cthulhu
7m
55 Questions
112 Plays
112 Plays
112 Plays
Comments
Comments
Give Quiz Kudos
Give Quiz Kudos
-
- Ratings
hide this ad
Replay
Link that replays current quiz
Next Quiz
Link to next quiz in quiz playlist
You Got
0%
They Got
Avg Score
36%
Avg Friend Score
Upgrade to see
Score Distribution
Jump to the score distribution portion of the page
Score
0/55
Timer
07:00
0
Plays Today
Category
% Correct
5 Continents of the Olympics
Asia
80.4%
5 Continents of the Olympics
Europe
79.5%
5 Continents of the Olympics
Oceania
78.6%
5 Continents of the Olympics
Africa
72.3%
8 G8 Members
USA
69.6%
8 G8 Members
France
68.8%
8 G8 Members
Germany
67.9%
10 Events of the decathlon
long jump
67%
10 Events of the decathlon
javelin throw
67%
8 G8 Members
UK
66.1%
5 Continents of the Olympics
America
65.2%
8 G8 Members
Russia
64.3%
7 Wonders of the Ancient World
Hanging Gardens of Babylon
64.3%
10 Events of the decathlon
high jump
63.4%
8 G8 Members
Canada
62.5%
10 Events of the decathlon
discus
62.5%
3 Gifts of the Magi
gold
61.6%
8 G8 Members
Japan
58.9%
7 Wonders of the Ancient World
Great Pyramid of Giza
57.1%
10 Events of the decathlon
shot put
53.6%
8 G8 Members
Italy
53.6%
10 Events of the decathlon
pole vault
52.7%
3 Gifts of the Magi
myrrh
51.8%
3 Gifts of the Magi
frankincense
42%
7 Wonders of the Ancient World
Lighthouse at Alexandria
41.1%
10 Events of the decathlon
100 meters
39.3%
7 Wonders of the Ancient World
Colossus of Rhodes
38.4%
10 Events of the decathlon
400 meters
30.4%
Category
% Correct
7 Wonders of the Ancient World
Statue of Zeus at Olympia
29.5%
4 Multiple Nobel Laureates
Marie Curie
27.7%
2 Members of Outkast
Andre 3000
26.8%
10 Events of the decathlon
1500 meters
25%
10 Events of the decathlon
110 meter hurdles
24.1%
9 Muses
Calliope
20.5%
6 Group II elements
magnesium
18.8%
1 Jewish UK Prime Minister
Benjamin Disraeli
17.9%
9 Muses
Erato
17%
2 Members of Outkast
Big Boi
16.1%
7 Wonders of the Ancient World
Temple of Artemis at Ephesus
16.1%
9 Muses
Clio
14.3%
9 Muses
Thalia
12.5%
6 Group II elements
beryllium
11.6%
6 Group II elements
calcium
11.6%
6 Group II elements
barium
9.8%
9 Muses
Terpsichore
8%
7 Wonders of the Ancient World
Mausoleum of Halicarnassus
8%
9 Muses
Euterpe
8%
6 Group II elements
radium
7.1%
6 Group II elements
strontium
6.3%
9 Muses
Polyhymnia
5.4%
4 Multiple Nobel Laureates
Linus Pauling
2.7%
9 Muses
Ourania
1.8%
4 Multiple Nobel Laureates
Frederick Sanger
0.9%
4 Multiple Nobel Laureates
John Bardeen
0.9%
9 Muses
Melponome
0%
Quiz Playlist
Details
Report
Send in Message
Add To Playlist
Classic:
Type in answers that appear in a list
Last Updated: Feb 16, 2017
Quiz Scoreboard
CHALLENGE
Sign Up to Join the Scoreboard
Show All
Scores
Hide
Comments
May contain spoilers
Recently Published
5x2 Blitz: Bands
by SL_Kpop136
Music
30s
Colored Red Africa Blitz
by spor1
Geography
30s
Find the 'City' Movie
by crazypaving
Movies
60s
More to Explore
Quiz From the Vault
Featured Blog Post
14 Easter Pick-up Lines to Find Eggs With
hide this ad
You Might Also Like...
Tags
bag
Category
Countdown
Today's Top Quizzes in Miscellaneous
Browse Miscellaneous
hide this ad
Today's Top Quizzes in bag
Browse bag
Top Contributed Quizzes in Miscellaneous
1
5-to-1: Fast Food
2
9x9 Crossword: Disney Movie Titles
3
9x9 Crossword: Charlie and the Chocolate Factory
4
The JOE quick-fire general knowledge quiz: Day 174
5
9x9 Crossword: Nickelodeon
6
9x9 Crossword: Flags
7
9x9 Crossword: Pixar Movie Titles
8
9x9 Crossword: 2022 Movies
9
9x9 Crossword: Halloween
10
9x9 Crossword: Actors
Explore More
Trending Topics
Anime
NBA
Marvel
Kpop
Harry Potter
Disney
Crossword
NFL
Soccer
Country
Puzzle
The Office
Pokémon
Song
WWE
hide this ad
More By:
cthulhu
Quiz
Plays
Rating
Category
Featured
Created
Name That Surgery!
818
3.25
Science
Jan 23, 2011
US States by Process of Elimination
791
4.42
Geography
Jul 8, 2011
'Bi-' ology Terms
234
4.29
Science
Dec 28, 2010
Movie Song by Random Line
214
4.38
Movies
Oct 3, 2010
Big Four Sports Locations by Population
134
2.00
Sports
Sep 23, 2011
Go to Creator's Profile
Score Distribution
Quiz Creator Spotlight
cthulhu
Follow
Send a Message
Quizzes Created
-
Created Quiz Play Count
-
More By This Creator
Popular Quizzes Today
1
Find the 'City' Movie
2
Colored Red Africa Blitz
3
Find the US States - No Outlines Minefield
4
5x2 Blitz: Bands
5
The Countries of the World
6
Find the US States
7
US States
8
9x9 Crossword: Cartoon Network
More Miscellaneous Quizzes
Famous Names: '-S' or No? II
Published
Trending Quizzes
Colored Red Europe Blitz I
Colored Red Africa Blitz II
Colored Red Europe Blitz II
Colored Red Europe Blitz III
Colored Red Africa Blitz III
Recently Updated
Famous TV Couples
Peacemaker
Champions League XIs: Real Madrid
pecheneg
Largest US Cities 1790-2010
pecheneg
Rides in Walt Disney World
pecheneg
Most Oscar Losses (Acting)
pecheneg
Beyoncé Albums
pecheneg
Leaping Animals
pecheneg
Reality TV Shows (A-Z)
bhenderson79
Rickey Henderson's Hall of Fame Teammates
pecheneg
Champions League XIs: Arsenal
pecheneg
Trending Topics
Disney
Crossword
Marvel
NBA
Harry Potter
Kpop
Anime
Song
The Office
Pokémon
Puzzle
Country
Soccer
NFL
WWE
Your Account Isn't Verified!
In order to create a playlist on Sporcle, you need to verify the email address you used during registration. Go to your
Sporcle Settings
to finish the process.
Report this User
Report this user for behavior that violates our
Community Guidelines
.
Details:
Send Report
Go to the Sporcle.com Mobile Site →
Comments